| 000 | 00861nam a22002057a 4500 | ||
|---|---|---|---|
| 999 |
_c20321 _d20321 |
||
| 003 | AR-CdUCM | ||
| 008 | 190528b ||||| |||| 00| 0 spa d | ||
| 040 |
_aMUNICIPALIDAD PROVINCIAL DEL CUSCO _cBIBLIOTECA MUNICIPAL DEL CUSCO |
||
| 082 |
_a070.985 / _bM14 |
||
| 100 |
_aMadariaga Teves, Juan _942487 |
||
| 245 |
_aLegislacion peruana sobre los medios de comunicación social en el Perú : _bCompendio sistematizado de las técnicas del periodismo radio y televisión / |
||
| 260 |
_aAreequipa : _bEsilider, _c1990. |
||
| 300 |
_a240 páginas ; _c21 cm. |
||
| 505 | _aContenido: Legislación peruana actual sobre los medios de comunicación -- Entrevista y reportaje -- Encuestas... | ||
| 650 |
_aServicios de telecomunicaciones _942488 |
||
| 650 |
_aFotografía en prensa _942489 |
||
| 650 |
_aTelevisión _921435 |
||
| 942 |
_2ddc _cLIBROS |
||
| 945 | _aAndy | ||